Statistics for Famous actor quiz

Click here to take the quiz!

General Stats

  • This quiz has been taken 20 times
  • The average score is 9 of 14

Answer Stats

Films Answer % Correct
Suicide Squad, I am Legend, Men in BlackWill Smith
100%
Dark Shadows, Pirates of the Caribean, RangoJohnny Depp
89%
Iron Man, Sherlock Holmes, Tropic ThunderRobert Downey Jr.
89%
Castaway, Forrest Gump, Saving Private RyanTom Hanks
89%
Star Wars, Blade Runner, Indiana JonesHarrison Ford
84%
Logan, Van Helsing, Real SteelHugh Jackman
79%
Ghost Rider, National Treasure, Con AirNicolas Cage
79%
Star Wars, Batman Begins, Schindler's ListLiam Neeson
68%
Mall Cop, Zookeeper, PixelsKevin James
58%
Pixels, Bedtime Stories, Grown UpsAdam Sandler
58%
Jurassic World, Passengers, Guardians of the GalaxyChris Pratt
42%
Bruce Almighty, London has fallen, Now You see MeMorgan Freeman
42%
Hunger Games, Independance Day: Resurgance, The DuelLiam Hemsorth
32%
Star Wars, The Island, Angels and DemonsEwan McGregor
32%

Score Distribution

Percentile by Number Answered

Percent of People with Each Score

Your Score History

You have not taken this quiz